Assessment method is rejected. (Record no. 61648)

MARC details
000 -LEADER
fixed length control field 00845cam a2200157 4500
001 - CONTROL NUMBER
control field WB3535-20
008 - FIXED-LENGTH DATA ELEMENTS--GENERAL INFORMATION
fixed length control field 000000n1999 000 0 eng u
035 ## - SYSTEM CONTROL NUMBER
System control number (Sirsi) u102653
245 ## - TITLE STATEMENT
Title Assessment method is rejected.
260 ## - PUBLICATION, DISTRIBUTION, ETC.
Date of publication, distribution, etc. 1999
490 ## - SERIES STATEMENT
Series statement Planning (for the Natural and Built Environment)
Volume/sequential designation 3 September 1999, 4(1)
520 ## - SUMMARY, ETC.
Summary, etc. Following research by the school of planning and housing at Edinburgh College of Art/Heriot-Watt University which calls for a good practice guide on local housing need assessments, a DETR study has rejected the need for developing a common method for calculating local housing needs. Local housing needs assessment: a review of current practice and the need for guidance, available from Edinburgh College of Art, tel: 0131 221 6164. £10.
650 ## - SUBJECT ADDED ENTRY--TOPICAL TERM
Topical term or geographic name entry element HOUSING NEED
690 ## - LOCAL SUBJECT ADDED ENTRY--TOPICAL TERM (OCLC, RLIN)
Topical term or geographic name as entry element HOUSING
942 ## - ADDED ENTRY ELEMENTS (KOHA)
Suppress in OPAC 0
Holdings
Withdrawn status Lost status Source of classification or shelving scheme Damaged status Not for loan Home library Current library Shelving location Date acquired Total Checkouts Full call number Barcode Date last seen Copy number Price effective from Koha item type
    Dewey Decimal Classification     London London News article 18/03/2003   WB3535-20 102653-1001 06/08/2019 1 06/08/2019 News article